Taller: Temas de redacción científica, citación y propiedad intelectual /
Na minha lista:
| Autor principal: | |
|---|---|
| Outros Autores: | , , |
| Formato: | Livro |
| Idioma: | Spanish |
| Publicado em: |
[San José, Costa Rica] :
INIE,
2012
|
| Assuntos: | |
| Tags: |
Adicionar Tag
Sem tags, seja o primeiro a adicionar uma tag!
|
MARC
| LEADER | 00000nam a22000007a 4500 | ||
|---|---|---|---|
| 008 | 161104b2012 c ||||| |||| 00| | spa d | ||
| 999 | |c 3350 |d 3350 | ||
| 090 | |a 06.05.01 |b 1286 | ||
| 100 | 1 | |9 250 |a Vargas Bolaños, Rebecca | |
| 245 | 1 | 0 | |a Taller: Temas de redacción científica, citación y propiedad intelectual / |c Rebecca Vargas Bolaños; Martha Barquero Cerdas; Isabel Jara Quesada; Yorleny Madrigal Vargas |
| 260 | |a [San José, Costa Rica] : |b INIE, |c 2012 | ||
| 300 | |a 90 páginas | ||
| 500 | |a Informe Proyecto de Acción Social ED-2974 | ||
| 650 | 1 | 4 | |9 1470 |a CURSOS DE CAPACITACIÓN |
| 650 | 1 | 4 | |9 163 |a INVESTIGACIÓN |
| 650 | 1 | 4 | |9 1189 |a ESCRITURA |
| 650 | 1 | 4 | |9 674 |a LINGÜISTICA |
| 700 | 1 | |9 223 |a Barquero Cerdas, Martha | |
| 700 | 1 | |9 2146 |a Jara Quesada, Isabel | |
| 700 | 1 | |9 1619 |a Madrigal Vargas, Yorleny | |
| 942 | |i 00971 |h 06.05.01 1286 |2 z |c 04 | ||
